000 00306nam a2200121 a 4500
005 20140414132107.0
008 100906s19uu xx 00 eng d
020 _a1-57755-687-9
050 _aM 153.7
_bH83 2004
245 _aHow big are they?.
260 _aCanada :
_bFlying Frog,
_c2004.
999 _c114639
_d114639